000
00279nam a2200121Ia 4500
008
191201s2010 xx 000 0 und d
100
_a
AGARWAL, D K
245
0
_a
Supply Chain Management
260
_a
N. Delhi
_b
Macmillan
_c
2010
300
_a
430
650
_a
MBA
942
_2
ddc
_c
BK
999
_c
150
_d
150